La justificación del razonamiento inductivo
Guardat en:
| Autor principal: | |
|---|---|
| Format: | Llibre |
| Idioma: | Undetermined |
| Publicat: |
Madrid, España
Alianza editorial
1976
|
| Matèries: | |
| Etiquetes: |
Afegir etiqueta
Sense etiquetes, Sigues el primer a etiquetar aquest registre!
|
MARC
| LEADER | 00000nam a2200000Ia 4500 | ||
|---|---|---|---|
| 008 | 170316s9999 xx 000 0 und d | ||
| 090 | |a 100 S-74j | ||
| 100 | |a Swinburne, Richard | ||
| 245 | |a La justificación del razonamiento inductivo | ||
| 260 | |a Madrid, España | ||
| 260 | |b Alianza editorial | ||
| 260 | |c 1976 | ||
| 300 | |a 218 páginas | ||
| 650 | |a FILOSOFÍA | ||
| 650 | |a PENSAMIENTO INDUCTIVO | ||
| 650 | |a MAX BLACK | ||
| 650 | |a PETER ACHINSTEIN | ||
| 650 | |a WESLEY SALMON | ||
| 650 | |a HENRY KYBURG JR. | ||
| 650 | |a BERTRAND RUSELL | ||
| 999 | |c 30347 |d 30347 | ||
| 040 | |a cru BVZT | ||
| 942 | |c 15 D |h 100 S-74j |2 z | ||
